00998nam a2200301Ia 450000500170000000800410001702000180005804100080007610000270008424500570011125000180016830000250018649000230021165000370023465000410027165000320031265000420034465000350038665000460042170000350046770000300050226400300053233600270056233700330058933800280062204000350065008400110068520220317001757.0170328s2016 s g 000 f s  a9788494510304 aspa1 aZola, Emiled1840-190210aNanácÉmile Zola ; traducción de Marie Mersoye a1a. edición a411 páginasc19 cm aGrandes clásicos142LEMBaNovela francesaySiglo XIX142LEMBaLiteratura francesaySiglo XIX142LEMBaAmor en la literatura142LEMBaProstitución en la literatura142LEMBaMujeres en la literatura142LEMBaCorte y cortesanos en la literatura1 aTrapero, Florentinoetraductor1 aCaudet, Franciscoeeditor aBarcelonabPlutónc2016 atextobtxt2rdacontent asin mediaciónbn2rdamedia avolumenbnc2rdacarrier aCO-BoRNBPbspaerdacCO-BoRNBP aN ZOL1